|
|
|
|
| LEADER |
00000nam0a2200000 4500 |
| 001 |
157008 |
| 005 |
20231031153454.0 |
| 035 |
|
|
|a (RuTPU)RU\TPU\book\170267
|
| 090 |
|
|
|a 157008
|
| 100 |
|
|
|a 20090401d1957 km y0rusy50 ca
|
| 101 |
0 |
|
|a rus
|
| 102 |
|
|
|a RU
|
| 105 |
|
|
|a a z 001zy
|
| 200 |
1 |
|
|a Нефтепромысловая геофизика для геологов
|e Интепретация результатов промысловых геофизических исследований
|f С. С. Итенберг
|
| 205 |
|
|
|a 2-е изд., доп. и перераб.
|
| 210 |
|
|
|a Москва
|c Гостоптехиздат
|d 1957
|
| 215 |
|
|
|a 399 с.
|c ил.
|
| 320 |
|
|
|a Библиогр.: с. 393.
|
| 610 |
1 |
|
|a электрический каротаж
|
| 610 |
1 |
|
|a геофизика
|
| 610 |
1 |
|
|a скважины
|
| 610 |
1 |
|
|a грунты
|
| 610 |
1 |
|
|a геологические исследования
|
| 610 |
1 |
|
|a радиоактивный каротаж
|
| 610 |
1 |
|
|a геофизические методы
|
| 610 |
1 |
|
|a промысловая геофизика
|
| 610 |
1 |
|
|a нефть
|
| 610 |
1 |
|
|a поиски
|
| 610 |
1 |
|
|a разведка
|
| 610 |
1 |
|
|a нефтепромысловая геофизика
|
| 675 |
|
|
|a 553.982.:550.837
|v 3
|
| 700 |
|
1 |
|a Итенберг
|b С. С.
|g Семен Самуилович
|
| 801 |
|
1 |
|a RU
|b 63413507
|c 20090401
|g PSBO
|
| 801 |
|
2 |
|a RU
|b 63413507
|c 20160915
|g RCR
|
| 942 |
|
|
|c BK
|